| 000 | 00691nam a2200193 a 4500 | ||
|---|---|---|---|
| 020 | _a8174880992 | ||
| 082 |
_a625.7 _bSIN _cL-38, P-32 |
||
| 100 | 0 |
_aInder Jit Singh. _943547 |
|
| 245 | 1 | 0 |
_aTransport economy : _bcomparative study of Punjab & Haryana Roadways / _cInder Jit Singh. |
| 250 | _a1st ed. | ||
| 260 |
_aNew Delhi : _bAnmol Publications, _c1995. |
||
| 300 |
_axiii, 247 p. ; _c22 cm. |
||
| 526 |
_a0 _b0 _c0 _d625_700000000000000_SIN |
||
| 650 | 0 |
_aBus lines _xGovernment policy _zIndia _zPunjab. _943548 |
|
| 650 | 0 |
_aMCE _9379 |
|
| 650 | 0 |
_aTransportation _zIndia _zPunjab _xPassenger traffic. _943549 |
|
| 650 | 0 |
_aTransportation, Automotive _zIndia _zPunjab. _943550 |
|
| 942 |
_2ddc _cBK |
||
| 999 |
_c547344 _d547344 |
||